000 00508nam a2200193Ia 4500
008 151119s9999||||xx |||||||||||||| ||und||
082 _a891.463
082 _bGKKV4187
100 _aकाशीकर एस एम
245 _aप्रतिशोध
260 _a--
260 _b--
260 _c0
600 _aकाशीकर एस एम
630 _aप्रतिशोध
700 _aकाशीकर एस एम
730 _aप्रतिशोध
942 _cBOOK
999 _c1059570
_d1059567